005540000a220008500045001000026000002450028000263000050000545200319001047730045004231 aZapata León, Sergio10aA la sombra de la ceiba aVol.0, núm.20 (Mayo, 2007), Páginas 26-27 aComenzó en 1980 con Lo amador, un libro de cuentos que es considerado como uno de los grandes textos de narrativa breve de Colombia. Ahora, veintisiete años después, ha vuelto al patio de su Cartagena natal para escribir una novela histórica. ¿Se ha contado bien la historia del esclavismo en el país?0 tArcadia / Andrés Felipe Solano, Editor